000 00817nam a2200253Ia 4500
003 OSt
005 20220923221321.0
006 a|||||r|||| 00| 0
007 ta
008 220922b |||||||| |||| 00| 0 hin d
024 _a197,098
037 _cTextual
040 _aARTS
_cARTS
_bhin
041 _2hin
_ahin
082 _aO152,6N315x, N2
100 _aमालवीय, उमाकान्त
_9156292
245 0 _aवेणु से शंख तक
246 _aVeṇu se shankha taka
260 _aइलाहाबाद
_b परिमल प्रका0
_c1992
300 _a158पृ.
_ccm.
650 _aहिन्दी साहित्य
_9156264
942 _hO152,6N315x, N2
_cTEXL
_2CC
999 _c348969
_d348969